Nazwy pierwiastków - po liczbie atomowej lub symbolu - Statystyki

Ogólne statystyki
  • Ten quiz został rozwiązany 96 razy
  • Średni wynik to 57 z 118
Statystyki odpowiedzi
Liczba Atomowa Symbol Nazwa % Poprawnych
6 C Węgiel
100%
1 H Wodór
100%
81 Tl Tal
98%
4 Be Beryl
96%
3 Li Lit
96%
12 Mg Magnez
96%
16 S Siarka
96%
7 N Azot
95%
2 He Hel
95%
19 K Potas
95%
8 O Tlen
93%
30 Zn Cynk
89%
15 P Fosfor
89%
13 Al Glin
89%
11 Na Sód
89%
20 Ca Wapń
89%
26 Fe Żelazo
89%
17 Cl Chlor
88%
9 F Fluor
88%
5 B Bor
86%
29 Cu Miedź
86%
18 Ar Argon
84%
35 Br Brom
84%
25 Mn Mangan
84%
28 Ni Nikiel
84%
47 Ag Srebro
84%
14 Si Krzem
82%
10 Ne neon
82%
31 Ga Gal
81%
79 Au Złoto
79%
24 Cr Chrom
75%
54 Xe Ksenon
75%
56 Ba Bar
74%
32 Ge German
74%
22 Ti Tytan
74%
50 Sn Cyna
70%
27 Co Kobalt
70%
84 Po Polon
68%
88 Ra Rad
68%
34 Se Selen
68%
53 I Jod
67%
36 Kr Krypton
67%
23 V Wanad
65%
82 Pb Ołów
63%
80 Hg Rtęć
63%
33 As Arsen
61%
55 Cs Cez
58%
92 U Uran
56%
37 Rb Rubid
54%
21 Sc Skand
54%
39 Y Itr
51%
46 Pd Pallad
51%
48 Cd Kadm
47%
42 Mo Molibden
47%
78 Pt Platyna
47%
38 Sr Stront
47%
95 Am Ameryk
46%
83 Bi Bizmut
44%
63 Eu Europ
42%
57 La Lantan
42%
41 Nb Niob
42%
76 Os Osm
42%
49 In Ind
40%
52 Te Tellur
40%
99 Es Einstein
37%
93 Np Neptun
37%
94 Pu Pluton
37%
74 W Wolfram
37%
112 Cn Kopernik
33%
51 Sb Antymon
32%
40 Zr Cyrkon
32%
75 Re Ren
32%
102 No Nobel
30%
73 Ta Tantal
30%
43 Tc Technet
30%
85 At Astat
28%
87 Fr Frans
28%
101 Md Mendelew
28%
89 Ac Aktyn
26%
58 Ce Cer
26%
45 Rh Rod
26%
77 Ir Iryd
25%
44 Ru Ruten
25%
90 Th Tor
25%
64 Gd Gadolin
23%
72 Hf Hafn
23%
111 Rg Roentgen
23%
66 Dy Dysproz
21%
108 Hs Has
21%
103 Lr Lorens
19%
107 Bh Bohr
18%
105 Db Dubn
18%
70 Yb Iterb
18%
98 Cf Kaliforn
18%
71 Lu Lutet
18%
104 Rf Rutherford
18%
59 Pr Prazeodym
16%
86 Rn Radon
16%
97 Bk Berkel
14%
68 Er Erb
14%
96 Cm Kiur
14%
60 Nd Neodym
14%
62 Sm Samar
14%
106 Sg Seaborg
14%
65 Tb Terb
14%
110 Ds Darmsztadt
12%
100 Fm Ferm
11%
109 Mt Meitner
11%
61 Pm Promet
9%
91 Pa Protaktyn
9%
69 Tm Tul
9%
113 Uut Ununtri
4%
115 Uup Ununpent
2%
67 Ho Holom
0%
116 Uuh Ununheks
0%
114 Uuq Ununkwad
0%
118 Uuo Ununokt
0%
117 Uus Ununsept
0%
Nie znaleziono quizów pasujących do podanych kryteriów
Rozkład punktacji
Procent ludzi z każdym wynikiem
Percentyl według liczby udzielonych odpowiedzi
Twoja historia wyników
Nie rozwiązałeś tego quizu